Effect of herbicide on weeds in IR66 rice field in kchao village ou saray commune tramkok district takeo province ប្រសិទ្ធភាពថ្នាំសំលាប់ស្មៅផ្សេងៗគ្នាលើពូជស្រូវអ៊ីអ៊ែរ ៦៦​ ក្នុងលក្ខខណ្ឌដើមរដូវវស្សានៅភូមិខ្ចៅ ឃុំអូរសារាយ ស្រុកត្រាំកក់ ខេត្តកណ្ដាល (Record no. 1184)

000 -LEADER
fixed length control field 00852nam a22001337a 4500
040 ## - CATALOGING SOURCE
Transcribing agency RUA
082 ## - DEWEY DECIMAL CLASSIFICATION NUMBER
Classification number AGR LOR 2012 B051 Or.1
100 ## - MAIN ENTRY--AUTHOR NAME
Personal name LOR, VANDARITH.
245 ## - TITLE STATEMENT
Title Effect of herbicide on weeds in IR66 rice field in kchao village ou saray commune tramkok district takeo province ប្រសិទ្ធភាពថ្នាំសំលាប់ស្មៅផ្សេងៗគ្នាលើពូជស្រូវអ៊ីអ៊ែរ ៦៦​ ក្នុងលក្ខខណ្ឌដើមរដូវវស្សានៅភូមិខ្ចៅ ឃុំអូរសារាយ ស្រុកត្រាំកក់ ខេត្តកណ្ដាល
260 ## - PUBLICATION, DISTRIBUTION, ETC. (IMPRINT)
Place of publication Phnom Penh
Name of publisher RUA
Year of publication 2012
300 ## - PHYSICAL DESCRIPTION
Number of Pages x; 45p.
Other physical details ill.
Dimensions 29cm.
856 ## - ELECTRONIC LOCATION AND ACCESS
Uniform Resource Identifier https://drive.google.com/file/d/13w9IydCme7nuMKcj-jqZ63_Tk3kb_xA2/view?usp=sharing
942 ## - ADDED ENTRY ELEMENTS (KOHA)
Koha item type AGR
952 ## - LOCATION AND ITEM INFORMATION (KOHA)
Withdrawn status [LOCAL, KOHA] 0
952 ## - LOCATION AND ITEM INFORMATION (KOHA)
Withdrawn status [LOCAL, KOHA] 0
952 ## - LOCATION AND ITEM INFORMATION (KOHA)
Withdrawn status [LOCAL, KOHA] 0
952 ## - LOCATION AND ITEM INFORMATION (KOHA)
Withdrawn status [LOCAL, KOHA] 0
952 ## - LOCATION AND ITEM INFORMATION (KOHA)
Withdrawn status [LOCAL, KOHA] 0
Holdings
Permanent Location Date acquired Koha item type Lost status Shelving location Barcode Current Location Full call number
Library Block B2015-09-24AGR B050RUA000491Library Block BAGR LOR 2012 B051 Or.1
Library Block B2015-09-24AGR B050RUA000564Library Block BAGR LOR 2012 B051 Or.2
Library Block B2015-09-24AGR B050RUA000636Library Block BAGR LOR 2012 B051 Or.3
Library Block B2015-09-24AGR B050RUA000335Library Block BAGR LOR 2012 B051 Or.4
Library Block B2015-09-25AGR B051RUA004696Library Block BAGR LOR 2012 B051 Or.5
មជ្ឈមណ្ឌលឯការនៃសាកលវិទ្យាល័យភូមិន្ទកសិកម្មចំការដូង

Powered by Koha